Güzel yazılar : (Record no. 15785)
[ view plain ]
| 000 -BAŞLIK | |
|---|---|
| Sabit Uzunlukta Kontrol Alanı | 00952nam a22002177a 4500 |
| 999 ## - SİSTEM KONTROL NUMARALARI (KOHA) | |
| Koha Biblionumber | 15785 |
| Koha Biblioitemnumber | 15785 |
| 003 - KONTROL NUMARASI IDENTIFIER | |
| Denetim Alanı | MIRAKIL |
| 005 - SON İŞLEM TARİHİ VE ZAMANI | |
| Denetim Alanı | 20240325172145.0 |
| 008 - SABİT-BOY VERİ ELEMANLARI - GENEL BİLGİLER | |
| Sabit Uzunlukta Kontrol Alanı | 240325b tu ||||| |||| 00| 0 tur d |
| 020 ## - ULUSLARARASI STANDART KİTAP NUMARASI | |
| Uluslararası Standart Kitap Numarası | 9789751609113 |
| 040 ## - KATALOGLAMA KAYNAK | |
| Orijinal Kataloglama Ajansı | TR-AnCHP |
| Metne Dönüştürmek Ajansı | TR-AnCHP |
| 041 ## - DİL KODU | |
| Metin / Ses Parça Veya Ayrı Başlığın Dil Kodu | tur |
| 082 ## - DEWEY ONLU SINIFLANDIRMA NUMARASI | |
| Sınıflandırma Numarası | 818 |
| Ürün Numarası | G99 2020 |
| 245 10 - BAŞLIK TABLOSU | |
| Başlık | Güzel yazılar : |
| Başlığın Kalan | gezi - hatıra : tıpkıbasım / |
| Sorumluluk Tablosu, Vb | hazırlayanlar: Prof. Dr. İsmail Parlatır, Prof. Dr. İnci Enginün, Prof. Dr. Orhan Okay, Prof. Dr. Zeynep Kerman, Prof. Dr. Kazım Yetiş [ve diğer biri] |
| 260 ## - YAYIN, DAĞITIM, VB | |
| Yayın, Dağıtım, Vb Yeri | Ankara : |
| Yayıncı, Dağıtıcı, Vs Adı | Atatürk Kültür, Dil ve Tarih Yüksek Kurumu Türk Dil Kurumu Yayınları, |
| Yayın, Dağıtım, Vb Tarihi | 2020. |
| 300 ## - FİZİKSEL TANIM | |
| Kapsam | 310 sayfa ; |
| Diğer Fiziksel Ayrıntıları | 21 cm. |
| 490 0# - SERİSİ TABLOSU | |
| Seri Beyanı | Atatürk Kültür, Dil ve Tarih Yüksek Kurumu Türk Dil Kurumu yayınları ; |
| Hacim / Ardışık Tanımı | 646. |
| 490 0# - SERİSİ TABLOSU | |
| Seri Beyanı | Güzel yazılar dizisi ; |
| Hacim / Ardışık Tanımı | 5. |
| 650 #0 - KONU KATMA GİRİŞ - TOPİKAL DÖNEM | |
| 9 (RLIN) | 19 |
| Topikal Süreli Veya Coğrafi Ad Giriş Elemanı | Türk edebiyatı |
| 856 ## - ELEKTRONİK YER VE ERİŞİM | |
| Kamu Notu | Dijital Nüshası için Partimizin Kütüphane Sorumlusu ile iletişime geçiniz. |
| 942 ## - EKLENDİ GİRİŞ ELEMANLARI (KOHA) | |
| Sınıflandırma Veya Raf Düzeni Kaynak | Dewey Decimal Classification |
| Koha Öğesi Türü | Books |
| Kalıcı Konum | Mevcut Konum | Edinme Tarihi | Toplam Check-Out'Lar | Tam Çağrı Numarası | Barkod | Tarih Son Görülme | İtibaren Geçerli Fiyatlar | Koha Öğesi Türü |
|---|---|---|---|---|---|---|---|---|
| CHP Kütüphanesi | CHP Kütüphanesi | 03/25/2024 | 818 G99 2020 | 21719 | 03/25/2024 | 03/25/2024 | Books |
